Deutsche Städte die auf "siel" enden - Statistiken

Allgemein
  • Dieses Quiz wurde 63 mal gespielt
  • Das Durchschnittsergebnis liegt bei 4 aus 15
Antwortstatistiken
Einwohner Stadt % Korrekt
231 Bensersiel
61%
1.025 Neuharlingersiel
57%
1.380 Carolinensiel
48%
1.450 Greetsiel
46%
1.847 Hooksiel
36%
809 Harlesiel
27%
429 Dornumersiel
25%
1.580 Horumersiel
25%
398 Neßmersiel
20%
248 Fedderwardersiel
9%
391 Mariensiel
7%
289 Altgarmssiel
5%
252 Neugarmssiel
5%
570 Kleinensiel
4%
431 Hilgenriedersiel
2%
Keine übereinstimmenden Quizze gefunden
Verteilung der Resultate
Anzahl Personen mit jedem Resultat
Perzentil nach korrekt beantworteten Fragen
Ihre Resultats-Entwicklung
Sie haben dieses Quiz noch nicht gespielt